Find Five 'L' Things Quiz Stats

 Plays Quiz Updated Jul 18, 2017

Support Sporcle.
Go Orange.
Score 0/50 Timer 04:00
2 Plays Today
% Correct
Legs
98.2%
Lips
97.8%
Liver
97.6%
Lungs
97.4%
Larynx
92.8%
Lancashire
91.9%
Lily
89.9%
Leicestershire
89.7%
Luxembourg
89.5%
Lincolnshire
88.9%
Live
87.8%
Libya
87.1%
Lightning Bug
87%
Let
87%
Lanarkshire
86%
Ladybug
85.8%
Lice
85.1%
Loved
83.9%
Little Bighorn
83.6%
Lebanon
83.6%
Locust
83.1%
Latvia
82.7%
Libra
81.7%
Living
81.6%
Luke
81.6%
% Correct
Londonderry
81.2%
Lucy
81.1%
Lazarus
80.9%
Lacewing
80.4%
Leo
80.1%
Licence
79.5%
Laos
79.1%
Lexington
78.6%
Lillian
76.1%
Long Island
75.4%
Lauren
74.8%
Levi
71.8%
Leah
71.6%
Lake Erie
71.1%
Lear
70.6%
Lundy's Lane
66%
Lorenzo
62.3%
Leonato
61.5%
Laertes
61%
Lyra
60.2%
Lysander
58.1%
Lepus
51.8%
Linus
45.2%
Lynx
44.8%
Lois
39.9%

You're not logged in!

Compare scores with friends on all Sporcle quizzes.
OR
Log In
Forgot?

From the Vault

Planetary Profile: Venus

by gris379

Ah snap, we just overheard Mars tell Venus she has no life.
Remove Ads.
Support Sporcle.
Get the best of Sporcle when you Go Orange. This ad-free experience offers more features, more stats, and more fun while also helping to support Sporcle. Thank you for becoming a member.

Show Comments

Extras

Top Quizzes Today


Score Distribution

Your Account Isn't Verified!

In order to create a playlist on Sporcle, you need to verify the email address you used during registration. Go to your Sporcle Settings to finish the process.

Report this User

Report this user for behavior that violates our Community Guidelines.

Details: